| 000 | 00963nam a2200241 i 4500 | ||
|---|---|---|---|
| 001 | 40976 | ||
| 003 | ES-MaACL | ||
| 005 | 20250815100400.0 | ||
| 007 | t| | ||
| 008 | 030307s1972 sp ||||1| spa d | ||
| 245 | 0 | 0 |
_aCartas de condenados a muerte: _b[víctimas del nazismo] / _c[traducción de Jaume Reig ; selección de Ramón Comas ; edición de Piero Malvezzi y Giovanni Pirelli ; prólogo de Thomas Mann]. |
| 260 |
_aBarcelona : _bLaia, _c1972. |
||
| 300 |
_a282 p. ; _c19 cm. |
||
| 490 | 1 |
_aEdiciones de bolsillo. Opinión e Informe. Documentos ; _v98 |
|
| 650 | 4 |
_aGuerra mundial, 1939-1945- _xPrisioneros. _9171289 |
|
| 650 | 0 | 0 |
_aGuerra mundial, 1939-1945- _vRelatos personales. _913254 |
| 700 | 1 |
_aReig, Jaume. _995994 |
|
| 700 | 1 |
_aComas, Ramón. _939941 |
|
| 700 | 0 |
_aMann, Thomas, _d1875-1955 _976055 |
|
| 830 | 1 | 0 |
_aEdiciones de bolsillo. _pOpinión e informe _v98 _9191873 |
| 852 |
_aES-MaACL _jC-43614 |
||
| 999 |
_c40976 _d40976 |
||